000 00518nam a2200121Ia 4500
008 171212s9999 xx 000 0 und d
020 _a9780833085047
100 _aAcosta, Joie D.;Becker, Amariah;Cerully, Jennifer L.;Fisher, Michael P.;Martin, Laurie T.
245 _cAcosta, Joie D.;Becker, Amariah;Cerully, Jennifer L.;Fisher, Michael P.;Martin, Laurie T.
_aMental Health Stigma in the Military
260 _bRAND Corporation
_c2014
650 _aHistory
856 _uhttp://www.jstor.org/stable/10.7249/j.ctt14bs47s
999 _c352318
_d352318